Introduction to education ; fundamental principles and modern practices /

Bibliographic Details
Main Author: Crow, Lester D. (Lester Donald), 1897-1983
Other Authors: Crow, Alice, 1894-1966
Format: Book
Language:English
Published: New York : American Book Co., [1960]
Edition:New revised ed.
Subjects:

MARC

Tag First Indicator Second Indicator Subfields
LEADER 00000cam a2200000 4500
001 in00000065362
005 20151008051829.0
008 731005s1960 nyu b 00000 eng u
035 |a (OCoLC)00709956 
035 |9 AAH0248AM 
040 |c WSU  |d TXA  |d UtOrBLW 
049 |a TXAM  |c [340634] 
090 |a LA210  |b .C7 1960 
092 |a 370.973  |b C953i, 1960 
100 1 |a Crow, Lester D.  |q (Lester Donald),  |d 1897-1983. 
245 1 0 |a Introduction to education ;  |b fundamental principles and modern practices /  |c [by] Lester D. Crow [and] Alice Crow. 
250 |a New revised ed. 
264 1 |a New York :  |b American Book Co.,  |c [1960] 
300 |a 566 pages :  |b illustrations ;  |c 22cm. 
336 |a text  |b txt  |2 rdacontent 
337 |a unmediated  |b n  |2 rdamedia 
338 |a volume  |b nc  |2 rdacarrier 
504 |a Includes bibliographies. Bibliographical footnotes. 
650 0 |a Education  |z United States. 
700 1 |a Crow, Alice,  |d 1894-1966. 
999 |a MARS 
999 f f |s ff17cb72-5b13-3781-8602-ccdc4d44343e  |i 169fc6df-4af1-359e-976c-099c91b97e95  |t 0 
952 f f |p normal  |a Texas A&M University  |b College Station  |c Sterling C. Evans Library  |d Evans: Library Stacks  |t 0  |e LA210 .C7 1960  |h Library of Congress classification  |i unmediated -- volume  |m A14800827027 
998 f f |a LA210 .C7 1960  |t 0  |l Evans: Library Stacks